000 01696cam a22001814a 4500
005 20250605164356.0
008 250528s ||||||||||||||||||||||||d
035 _a24334
040 _aGR-AtMCL
_bgre
_dGR-AtMCL
_eAACR2
245 1 _aΠροϋπολογισμός 2021: Ξεκάθαρος ο Δρόμος στον Οποίο Οφείλει να Βαδίσει η Ελληνική Οικονομία
260 _bΕμπορικό Και Βιομηχανικό Επιμελητήριο Αθηνών,
_c2020
300 _a64
520 _aΣυμφωνία Μεταξύ Κ.Ε.Ε. και Ένωσης Δικαιούχων Έργων Μουσικής, CSR-School - Πρόγραμμα Εκπαίδευσης Επαγγελματιών στη Διαχείριση της Εταιρικής Υπευθυνότητας και Βιωσιμότητας, Στους Ρυθμούς της Πανδημίας Χορεύει η Οικονομία, Ξεκίνησε το Πρόγραμμα 100.000 Επιδοτούμενων Θέσεων Εργασίας, Έναρξη της Ψηφιακής Πλατφόρμας MyDATA ΓΙΑ Όλες τις Επιχειρήσεις, Τα Κέρδη για Εργαζομένους και Εργοδότες, Το Σχέδιο Δίκαιης Αναπτυξιακής Μετάβασης των Λιγνιτικών Περιοχών, Οι 'Πράσινες' Επενδύσεις στο Επίκεντρο των Κονδυλίων του Ταμείου Ανάκαμψης, Η Επόμενη Μέρα της Τουριστικής Βιομηχανίας.
700 1 _aΜίχαλος Κωνσταντίνος
_94319
942 _cCR
999 _c9223
_d9223